A arbitragem na seara dos conflitos coletivos e individuais de trabalho

Detalles Bibliográficos
Autor principal: Brum, Alfredo Bochi
Formato: eBook
Lenguaje:portugués
Publicado: Sô Paulo : Editora NELPA, 2012
Materias:
Acceso en línea:http://vlex.com/source/6763

MARC

LEADER 00000nam a22000007a 4500
005 20130214150023.0
007 cr|||| ||||
008 130214e2012 bl |||||s|||| 00||0|por d
020 |a 8580200768 
035 |a 6763 
040 |a vLex 
090 |c 3627  |d 3627 
100 1 0 |a Brum, Alfredo Bochi 
245 1 2 |a A arbitragem na seara dos conflitos coletivos e individuais de trabalho  |h [Recurso electrn̤ico]  
256 |a Servicio en ln̕ea 
260 |a Sô Paulo :  |b Editora NELPA,   |c 2012 
300 |a 1 Recurso electrn̤ico 
650 0 4 |a Derecho aboral y Seguridad Social  |z Brasil 
740 |a vLex Libros (Servicio en ln̕ea) 
856 |a Acceso restringido  |u http://vlex.com/source/6763 
942 |c BOOK 
999 0 |a Labor laws and legislation